To Receive Testimony on the Nomination of Robert John Hughes, of Massachusetts, To Be Associate Director of the International Communication Agency.

Hearing to consider the nomination of Robert J. Hughes to be Associate Director, International Communication Agency.

Bibliographic Details
Format: eBook
Language:English
Published: [Washington : U.S. G.P.O.], 1982.
Subjects:
Online Access:Electronic resource (PDF)

MARC

Tag First Indicator Second Indicator Subfields
LEADER 00000cam a22000001i 4500
001 in00004133045
005 20200117091028.0
006 m d f
007 cr bn mmmapmmp
008 091109s1982 dcu o f000 0 eng d
035 |a cis2007529391 
040 |a UMI  |b eng  |e rda  |c UMI  |d UtOrBLW 
110 1 |a United States.  |b Congress.  |b Senate.  |b Committee on Foreign Relations,  |e issuing body.  |0 http://id.loc.gov/authorities/names/n78008230 
245 1 0 |a To Receive Testimony on the Nomination of Robert John Hughes, of Massachusetts, To Be Associate Director of the International Communication Agency. 
264 1 |a [Washington :  |b U.S. G.P.O.],  |c 1982. 
300 |a 23 pages, digital, PDF file. 
336 |a text  |2 rdacontent  |b txt 
337 |a computer  |b c  |2 rdamedia 
338 |a online resource  |2 rdacarrier  |b cr 
500 |a Record is based on bibliographic data in ProQuest Congressional Hearings Digital Collection (last viewed July 2018) Reuse except for individual research requires license from ProQuest, LLC. 
520 |a Hearing to consider the nomination of Robert J. Hughes to be Associate Director, International Communication Agency. 
538 |a System requirements: PDF reader software. 
500 |a Electronic resource. 
650 0 |a Nominations for office.  |0 http://id.loc.gov/authorities/subjects/sh85092211 
650 0 |a Executive-legislative relations.  |0 http://id.loc.gov/authorities/subjects/sh2002002037 
730 0 |a ProQuest U.S. Congressional Hearings Digital Collection. 
776 0 8 |a United States. Congress. Senate. Committee on Foreign Relations  |t To Receive Testimony on the Nomination of Robert John Hughes, of Massachusetts, To Be Associate Director of the International Communication Agency.  |o 97 SFo-T.164 
856 4 0 |u http://proxy.library.tamu.edu/login?url=http://congressional.proquest.com/congcomp/getdoc?HEARING-ID=HRG-1982-FOR-0103  |y Electronic resource (PDF)  |t 0 
999 f f |s 8001afd8-eae9-324a-9fce-c993ffa89676  |i 35a068e0-f25e-3fdd-a9a6-0319b1f27fd3  |t 0 
952 f f |a Texas A&M University  |b College Station  |c Electronic Resources  |d Available Online  |t 0  |h No information provided 
998 f f |t 0  |l Available Online